| 000 | 00682cab a22002055a 4500 | ||
|---|---|---|---|
| 001 | L153001 | ||
| 008 | 110523e20110520xxk 000 0 eng d | ||
| 035 | _a(Sirsi) u153001 | ||
| 041 | 0 | _aeng | |
| 100 | 1 | _aPhillips, Mike | |
| 245 | 0 | 0 | _aAdminstrators' guide to London |
| 260 | _c2011 | ||
| 490 | 0 |
_aProperty Week Supplement _v 20 May 2011, 20-21(2) |
|
| 520 | _aPresents London's choicest commercial property assets currently in administration or receivership. | ||
| 590 | _aKA | ||
| 651 | 4 | _aLondon | |
| 690 | _aPROPERTY-COMMERCIAL PROPERTY-COMMERCIAL PROPERTY MARKET | ||
| 690 | _aPROPERTY-COMMERCIAL PROPERTY-COMMERCIAL PROPERTY FINANCE AND INVESTMENT | ||
| 942 | _n0 | ||
| 999 |
_c83159 _d83159 |
||